| 000 | 00503cam a2200145 4500500 | ||
|---|---|---|---|
| 005 | 20251012032456.0 | ||
| 041 | _afre | ||
| 042 | _adc | ||
| 100 | 1 | 0 |
_aSesé, Bernard _eauthor |
| 245 | 0 | 0 | _aPilar García Mouton Cómo hablan las mujeres, Arcos Libros, Madrid, 1999, Cuadernos de Lengua Española. |
| 260 | _c2000. | ||
| 500 | _a44 | ||
| 786 | 0 | _nSigila | 6 | 2 | 2000-12-20 | p. 207-208 | 1286-1715 | |
| 856 | 4 | 1 | _uhttps://shs.cairn.info/revue-sigila-2000-2-page-207?lang=fr&redirect-ssocas=7080 |
| 999 |
_c1547377 _d1547377 |
||